| 000 | 01202cam a2200361 a 4500 | ||
|---|---|---|---|
| 001 | 16973494 | ||
| 003 | CBULib | ||
| 005 | 20240523123107.0 | ||
| 008 | 110921s2012 moua b 001 0 eng | ||
| 010 | _a 2011039731 | ||
| 020 | _a9780323078917 (pbk. : alk. paper) | ||
| 035 | _a(DNLM)101569758 | ||
| 040 |
_aDNLM/DLC _cDLC |
||
| 042 | _apcc | ||
| 050 | 0 | 0 |
_aRB113 _b.H77 2012 |
| 060 | 1 | 0 | _aQZ 4 |
| 082 | 0 | 0 |
_a616.07 _223 |
| 245 | 0 | 0 |
_aUnderstanding pathophysiology / _c[edited by] Sue E. Huether, Kathryn L. McCance ; section editors, Valentina L. Brashers, Neal S. Rote. |
| 250 | _a5th ed. | ||
| 260 |
_aSt. Louis, Mo : _bElsevier, _cc2012. |
||
| 300 |
_axxiv, 1159 p. : _bcol. ill. ; _c28 cm. |
||
| 504 | _aIncludes bibliographical references and index. | ||
| 650 | 0 | _aPhysiology, Pathological. | |
| 650 | 0 | _aNurses. | |
| 650 | 1 | 2 |
_aPathology _vNurses' Instruction. |
| 650 | 2 | 2 |
_aDisease _vNurses' Instruction. |
| 650 | 2 | 2 |
_aPhysiology _vNurses' Instruction. |
| 700 | 1 | _aHuether, Sue E. | |
| 700 | 1 | _aMcCance, Kathryn L. | |
| 906 |
_a7 _bcbc _corignew _d1 _eecip _f20 _gy-gencatlg |
||
| 942 |
_2lcc _c002 _n0 |
||
| 999 |
_c85004 _d85004 |
||